Partnership (Record no. 216433)
[ view plain ]
| 000 -LEADER | |
|---|---|
| fixed length control field | 01236nam a22002177a 4500 |
| 005 - DATE AND TIME OF LATEST TRANSACTION | |
| control field | 20210929160722.0 |
| 008 - FIXED-LENGTH DATA ELEMENTS--GENERAL INFORMATION | |
| fixed length control field | 210929b ||||| |||| 00| 0 eng d |
| 020 ## - INTERNATIONAL STANDARD BOOK NUMBER | |
| International Standard Book Number | 9781846141027 |
| 040 ## - CATALOGING SOURCE | |
| Original cataloging agency | AL |
| Transcribing agency | |
| 041 ## - LANGUAGE CODE | |
| Language code of text/sound track or separate title | eng |
| 082 ## - DEWEY DECIMAL CLASSIFICATION NUMBER | |
| Edition number | 23 |
| Classification number | 332.660973 |
| Item number | ELLP |
| 100 ## - MAIN ENTRY--PERSONAL NAME | |
| Personal name | Charles D Ellis |
| 100 ## - MAIN ENTRY--PERSONAL NAME | |
| 9 (RLIN) | 545 |
| 245 ## - TITLE STATEMENT | |
| Title | Partnership |
| Remainder of title | A history of Goldman Sachs |
| 260 ## - PUBLICATION, DISTRIBUTION, ETC. | |
| Place of publication, distribution, etc. | London |
| Name of publisher, distributor, etc. | Penguin books Ltd |
| Date of publication, distribution, etc. | 2008 |
| 300 ## - PHYSICAL DESCRIPTION | |
| Extent | 729 p. |
| Other physical details | HB |
| Dimensions | 23x15 cm |
| 365 ## - TRADE PRICE | |
| Price amount | ₹995.00 |
| Unit of pricing | ₹995.00 |
| 520 ## - SUMMARY, ETC. | |
| Summary, etc. | The Partnership chronicles the most important periods in Goldman Sachs?s history and the individuals who built one of the world?s largest investment banks. Charles D. Ellis, who worked as a strategy consultant to Goldman Sachs for more than thirty years, reveals the secrets behind the firm?s continued success through many life-threatening changes. Disgraced and nearly destroyed in 1929, Goldman Sachs limped along as a break-even operation through the Depression and WWII. But with only one special service and one improbable banker, it began the stage-by-stage rise that took the firm to global leadership, even in the face of the world-wide credit crisis. |
| 650 ## - SUBJECT ADDED ENTRY--TOPICAL TERM | |
| Topical term or geographic name entry element | Partnership |
| 9 (RLIN) | 546 |
| 700 ## - ADDED ENTRY--PERSONAL NAME | |
| Personal name | ELLIS (Charles D) |
| 9 (RLIN) | 547 |
| 942 ## - ADDED ENTRY ELEMENTS (KOHA) | |
| Source of classification or shelving scheme | Dewey Decimal Classification |
| Koha item type | George Fernandes Collections |
| Withdrawn status | Lost status | Source of classification or shelving scheme | Damaged status | Not for loan | Collection code | Home library | Current library | Date acquired | Cost, normal purchase price | Total Checkouts | Full call number | Barcode | Date last seen | Cost, replacement price | Price effective from | Koha item type |
|---|---|---|---|---|---|---|---|---|---|---|---|---|---|---|---|---|
| Dewey Decimal Classification | Economics | St Aloysius Library | St Aloysius Library | 03/24/2021 | 0.00 | 332.660973 ELLP | GF01740 | 09/29/2021 | 0.00 | 09/29/2021 | George Fernandes Collections |